[Event "Regionalliga SW 9495"]
[Site "Bayern"]
[Date "1995.??.??"]
[Round "?.2"]
[White "Muench, Klaus Norbert"]
[Black "Folly, Gerhard"]
[Result "1/2-1/2"]
[WhiteElo "1940"]
[BlackElo "1980"]
[PlyCount "99"]
[EventDate "1994.10.??"]
[EventType "team-tourn"]
[EventRounds "9"]
[EventCountry "GER"]
[SourceTitle "EXT 1999"]
[Source "ChessBase"]
[SourceDate "1998.11.16"]
[SourceVersion "1"]
[SourceVersionDate "1998.11.16"]
[SourceQuality "1"]
[WhiteTeam "Augsburg SG 1873"]
[BlackTeam "Kaufbeuren"]
[WhiteTeamCountry "GER"]
[BlackTeamCountry "GER"]

1. Nf3 Nf6 2. g3 d5 3. Bg2 Bf5 4. 0-0 c6 5. d3 h6 6. c4 e6 7. Qb3 Qb6 8. Qxb6 axb6 9. cxd5 exd5 10. Bf4 Nbd7 11. Nc3 Bc5 12. Ne5 0-0 13. Nxd7 Nxd7 14. h4 Rfe8 15. Rfe1 Nf6 16. e4 dxe4 17. dxe4 Bg6 18. Be3 Bb4 19. f3 Nd7 20. Kf2 Nc5 21. Red1 Red8 22. Rxd8+ Rxd8 23. Ke2 f6 24. Rd1 Rxd1 25. Nxd1 Bf7 26. b3 Be6 27. Nb2 b5 28. Bf1 Ba3 29. Nd3 b6 30. Nxc5 bxc5 31. Kd1 Kf8 32. Bc1 Bb4 33. Bd2 Ke7 34. Bd3 Kd6 35. Bf4+ Kd7 36. Kc2 Be1 37. h5 Bf2 38. Be2 b4 39. g4 Ke7 40. Ba6 Bd4 41. Kd3 Bb2 42. Bc4 Bc8 43. Bg8 Ba6+ 44. Bc4 Bc8 45. Bg8 Be5 46. Be3 Kd6 47. Bc4 Bb2 48. Bf4+ Ke7 49. Be3 Kd6 50. Bf4+ 1/2-1/2